Catálogo de la Biblioteca Horacio González - Universidad Nacional de General Sarmiento

La renovación peronista : (Registro nro. 65215)

Detalles MARC
000 -CABECERA
campo de control de longitud fija 01596cam a22003974a 4500
001 - NÚMERO DE CONTROL
campo de control UByD003327
003 - IDENTIFICADOR DEL NÚMERO DE CONTROL
campo de control AR-LpoUNG
005 - FECHA Y HORA DE LA ÚLTIMA TRANSACCIÓN
campo de control 20241119114822.0
008 - DATOS DE LONGITUD FIJA--INFORMACIÓN GENERAL
campo de control de longitud fija 170330s2016 ag b 000 0 spa d
010 ## - NÚMERO DE CONTROL DE LA BIBLIOTECA DEL CONGRESO
Número de control de LC 2017371094
020 ## - NÚMERO INTERNACIONAL ESTÁNDAR DEL LIBRO
Número Internacional Estándar del Libro 9789871889877
040 ## - FUENTE DE LA CATALOGACIÓN
Centro catalogador/agencia de origen AR-BaFGC
Lengua de catalogación spa
Centro/agencia transcriptor AR-BaFGC
Normas de descripción aacr
Centro/agencia modificador AR-LpoUNG
041 0# - CÓDIGO DE LENGUA
Código de lengua del texto/banda sonora o título independiente spa
042 ## - CÓDIGO DE AUTENTICACIÓN
Código de autenticación lccopycat
043 ## - CÓDIGO DE ÁREA GEOGRÁFICA
Código de área geográfica s-ag---
082 0# - NÚMERO DE LA CLASIFICACIÓN DECIMAL DEWEY
Número de clasificación 982.066 375ren
100 1# - ENTRADA PRINCIPAL--NOMBRE DE PERSONA
Nombre de persona Ferrari, Marcela P.
Término indicativo de función/relación comp.
245 13 - MENCIÓN DE TÍTULO
Título La renovación peronista :
Resto del título organización partidaria, liderazgos y dirigentes, 1983-1991
250 ## - MENCIÓN DE EDICIÓN
Mención de edición 1ra. ed.
260 ## - PUBLICACIÓN, DISTRIBUCIÓN, ETC.
Lugar de publicación, distribución, etc. Buenos Aires :
Nombre del editor, distribuidor, etc. Universidad Nacional de Tres de Febrero,
Fecha de publicación, distribución, etc. 2016.
300 ## - DESCRIPCIÓN FÍSICA
Extensión 334 p.
504 ## - NOTA DE BIBLIOGRAFÍA, ETC.
Nota de bibliografía, etc. Incluye referencias bibliográficas.
505 0# - NOTA DE CONTENIDO CON FORMATO
Nota de contenido con formato La Renovación peronista como problema de estudio / Marcela Ferrari y Virginia Mellado -- Mendoza / Virginia Mellado -- Misiones / Norma Álvarez -- San Juan / Cintia Rodrigo -- Jujuy / Adriana Kindgard -- Santa Fe / Marcelino Maina -- Córdoba / Gabriela Closa -- La ciudad de Buenos Aires / Osvaldo Luoni -- Santa Cruz / Aixa Bona y Juan Vilaboa -- La provincia de Buenos Aires / Marcela Ferrari -- La Renovación peronista : una agenda enriquecida / María Teresa Brachetta.
648 #4 - PUNTO DE ACCESO ADICIONAL DE MATERIA--TÉRMINO CRONOLÓGICO
Término cronológico SIGLO XX
650 #4 - PUNTO DE ACCESO ADICIONAL DE MATERIA--TÉRMINO DE MATERIA
Término de materia o nombre geográfico como elemento de entrada HISTORIA ARGENTINA
650 #4 - PUNTO DE ACCESO ADICIONAL DE MATERIA--TÉRMINO DE MATERIA
Término de materia o nombre geográfico como elemento de entrada HISTORIA POLITICA
650 #4 - PUNTO DE ACCESO ADICIONAL DE MATERIA--TÉRMINO DE MATERIA
Término de materia o nombre geográfico como elemento de entrada HISTORIA NACIONAL
650 #4 - PUNTO DE ACCESO ADICIONAL DE MATERIA--TÉRMINO DE MATERIA
Término de materia o nombre geográfico como elemento de entrada GOBIERNO
650 #4 - PUNTO DE ACCESO ADICIONAL DE MATERIA--TÉRMINO DE MATERIA
Término de materia o nombre geográfico como elemento de entrada PERONISMO
650 #4 - PUNTO DE ACCESO ADICIONAL DE MATERIA--TÉRMINO DE MATERIA
Término de materia o nombre geográfico como elemento de entrada PARTIDO JUSTICIALISTA
650 #4 - PUNTO DE ACCESO ADICIONAL DE MATERIA--TÉRMINO DE MATERIA
Término de materia o nombre geográfico como elemento de entrada DEMOCRACIA
650 #4 - PUNTO DE ACCESO ADICIONAL DE MATERIA--TÉRMINO DE MATERIA
Término de materia o nombre geográfico como elemento de entrada PARTIDOS POLITICOS
651 #4 - PUNTO DE ACCESO ADICIONAL DE MATERIA--NOMBRE GEOGRÁFICO
Nombre geográfico ARGENTINA
700 1# - PUNTO DE ACCESO ADICIONAL--NOMBRE DE PERSONA
Nombre de persona Mellado, Virginia,
Término indicativo de función/relación comp.
942 ## - ELEMENTOS DE PUNTO DE ACCESO ADICIONAL (KOHA)
Fuente del sistema de clasificación o colocación Dewey Decimal Classification
Tipo de ítem Koha Libro
Existencias
Estado de retiro Estado de pérdida Fuente del sistema de clasificación o colocación Estado dañado No para préstamo Código de colección Localización permanente Ubicación/localización actual Fecha de adquisición Total de préstamos Signatura topográfica completa Código de barras Fecha visto por última vez Precio válido a partir de Tipo de ítem Koha
    Dewey Decimal Classification     Colección General Biblioteca Universidad Nacional de General Sarmiento Biblioteca Universidad Nacional de General Sarmiento 05/11/2024   982.066 375ren 00069406 05/11/2024 05/11/2024 Libro